00533nam a22001697a 450000500170000001000150001702000270003203500130005903700130007208200100008510000190009524500770011426000300019127000680022130000240028950000500031320160614144935.0 aENG-115256 a9789384082093c1195.00 aEN-98788 bDBAD/PUB a809.3 aAlbeena Shakil aUnderstanding the novel :ba theoretical overview /cby Albeena Shakil aDelhibPrimus Booksc2015 aVirat Bhawan, Mukherjee Nagar Commercial ComplexbDelhie110009 axxi,264p.b24cm(Hb) aIncludes bibliographical references and index